| 000 | 00459nam a2200157Ia 4500 | ||
|---|---|---|---|
| 008 | 240729s9999 xx 000 0 und d | ||
| 022 | _a1805-2576 | ||
| 245 | 0 | _aCivil Engineering Journal | |
| 260 | _aCzechia | ||
| 260 | _bCzech Technical University, Prague | ||
| 650 | _a Engineering (General). Civil engineering (General) | ||
| 650 | _aTechnology | ||
| 856 | _uhttps://doaj.org/toc/b3fb2674b64145bda990f902060b4bd6 | ||
| 942 | _2ddc | ||
| 942 | _cDOAJEJ | ||
| 999 |
_c69268 _d69268 |
||
| 945 |
_a1 _bMadushi Gamage _c1 _dMadushi Gamage |
||